| 000 | 00763nam a2200277Ia 4500 | ||
|---|---|---|---|
| 008 | 160803s9999 xx 000 0 und d | ||
| 020 | _a0 439267749 | ||
| 100 | _aAda, Alma Flor | ||
| 245 | _aFriend frog / | ||
| 245 | _cby Alma Flor Ada ; illustrated by Lori Lohstoeter. | ||
| 260 | _aNew York : | ||
| 260 | _bScholastic Inc. | ||
| 260 | _c2000 | ||
| 300 | _a1 volume (unpaged) : | ||
| 300 | _bcolor illustrations ; | ||
| 300 | _c25 cm | ||
| 500 | _a"This edition is only available for distribution through the school market"--Page 4 of cover. | ||
| 650 | _aFriendship -- | ||
| 650 | _aFrogs -- | ||
| 650 | _aMice -- | ||
| 650 | _aPicture books. | ||
| 650 | _xFiction. | ||
| 650 | _xFiction. | ||
| 650 | _xFiction. | ||
| 700 | _a460 | ||
| 999 |
_c299345 _d299345 |
||